000
00268nam a22001217a 4500
008
170503b xxu||||| |||| 00| 0 eng d
041
_a
eng
080
_2
8 ED
_a
343.9
100
_a
13
101
_a
SHJ
245
_a
CRIMINAL JUSTICE
_c
INCIARDI.A.J
942
_2
udc
_c
BK
999
_c
12526
_d
12526